000 00563nam a2200205Ia 4500
001 8991
003 GE_BSU
008 181216s||||||||xx |||||||||||||| ||und||
040 _cGE_BSU
100 _aკაშმაძე,შალვა
245 _aორი შეხვედრა
245 _bპოემა
260 _aთბილისი
260 _bაჭარის სახელგამი
260 _c1940
300 _a63გვ.14სმ.
653 _aორი შეხვედრა
653 _aპოემა
942 _cBK
999 _c42296
_d42296